ՀՀ Գիտությունների ազգային ակադեմիայի հիմնարար գիտական գրադարան  =   Fundamental Scientific Library of NAS RA

Սաղամո լիճը : (Record no. 110667)

MARC details
000 -LEADER
fixed length control field 00924nam a2200229 a 4500
001 - CONTROL NUMBER
control field 000300579
003 - CONTROL NUMBER IDENTIFIER
control field AM-YeHGA
005 - DATE AND TIME OF LATEST TRANSACTION
control field 20250618071934.0
008 - FIXED-LENGTH DATA ELEMENTS--GENERAL INFORMATION
fixed length control field 040117s1978 ai ||||gr|||||||||1|arm|d
040 ## - CATALOGING SOURCE
Original cataloging agency AM-YeHGA
041 0# - LANGUAGE CODE
Language code of text/sound track or separate title arm
090 ## - LOCALLY ASSIGNED LC-TYPE CALL NUMBER (OCLC); LOCAL CALL NUMBER (RLIN)
-- 112003
100 1# - MAIN ENTRY--PERSONAL NAME
Personal name Տեր-Գուլանյան, Մերուժան Սարգսի,
Dates associated with a name 1948-
9 (RLIN) 2441
245 10 - TITLE STATEMENT
Title Սաղամո լիճը :
Remainder of title [Պատմվածքներ, Վավերագրական վիպակ] /
Statement of responsibility, etc. Մ. Տեր-Գուլանյան ; Խմբ.՝ Ռ.Մ. Մուրադյան.
260 ## - PUBLICATION, DISTRIBUTION, ETC.
Place of publication, distribution, etc. Երևան :
Name of publisher, distributor, etc. Սովետական գրող,
Date of publication, distribution, etc. 1978.
300 ## - PHYSICAL DESCRIPTION
Extent 154 էջ :
Other physical details դիմանկ. ;
Dimensions 17 սմ.
650 14 - SUBJECT ADDED ENTRY--TOPICAL TERM
Topical term or geographic name entry element Հայ գրականություն
General subdivision Պատմվածք
650 14 - SUBJECT ADDED ENTRY--TOPICAL TERM
Topical term or geographic name entry element Հայ գրականություն
General subdivision Վիպակ
700 1# - ADDED ENTRY--PERSONAL NAME
Personal name Մուրադյան, Ռ.Մ.
Relator term խմբ.
Relationship edt
740 0# - ADDED ENTRY--UNCONTROLLED RELATED/ANALYTICAL TITLE
Uncontrolled related/analytical title Մոտեցող օվկիանոսը և հեռացող մարդիկ
942 ## - ADDED ENTRY ELEMENTS (KOHA)
Source of classification or shelving scheme Universal Decimal Classification
Koha item type Գրքեր / Books
Holdings
Withdrawn status Lost status Damaged status Not for loan Collection Home library Current library Date acquired Total checkouts Full call number Barcode Date last seen Price effective from Koha item type Public note Cost, replacement price
        General Fundamental Scientific Library Fundamental Scientific Library 22/12/2016   AI/15315 FL0079171 22/12/2016 22/12/2016 Գրքեր / Books 30 Days Loan  
        General Fundamental Scientific Library Fundamental Scientific Library 22/12/2016   AI/15316 FL0079172 22/12/2016 22/12/2016 Գրքեր / Books 30 Days Loan  
        General Fundamental Scientific Library Fundamental Scientific Library 22/12/2016   AI/15357 FL0055476 22/12/2016 22/12/2016 Գրքեր / Books 30 Days Loan 35.00


ՀՀ ԳԱԱ հիմնարար գիտական գրադարան
ՀՀ,Երևան 0019
Մարշալ Բաղրամյան 24/6
հեռախոս:(374-10) 52-47-50
Հետադարձ կապ

All site content, except where otherwise noted, is licensed under a
Creative Commons License